Agenda 2030 (Record no. 56573)

MARC details
000 -LEADER
campo de control de longitud fija 01494nam a2200349 a 4500
008 - DATOS DE LONGITUD FIJA--INFORMACIÓN GENERAL
campo de control de longitud fija 230426s2023 sp 000 0 spa d
041 ## - CÓDIGO DE IDIOMA
Código de lengua del texto/banda sonora o título independiente spa
100 ## - ENTRADA PRINCIPAL--NOMBRE DE PERSONA
Nombre de persona OVEJERO TORRES, Félix Antonio
9 (RLIN) 27463
245 10 - MENCIÓN DEL TÍTULO
Título Agenda 2030
Resto del título : cooperación internacional para el desarrollo y extrema derecha
Mención de responsabilidad, etc. / Félix Antonio Ovejero Torres
260 ## - PUBLICACIÓN, DISTRIBUCIÓN, ETC.
Lugar de publicación, distribución, etc. Zaragoza :
Nombre del editor, distribuidor, etc. CCOO de Aragón,
Fecha de publicación, distribución, etc. 2023
300 ## - DESCRIPCIÓN FÍSICA
Extensión 6 p. ;
Dimensiones 30 cm
500 ## - NOTA GENERAL
Nota general En: Trabajo Sindical, n. 129 (abril 2023), p. 22-27.
500 ## - NOTA GENERAL
Nota general Félix Antonio Ovejero Torres, adjunto de la secretaría de Internacional, Cooperación y Migraciones de la CS de CCOO y Responsable de las Américas y de Cooperación Internacional para el desarrollo
650 #0 - PUNTO DE ACCESO ADICIONAL DE MATERIA--TÉRMINO DE MATERIA
Término de materia o nombre geográfico como elemento de entrada GLOBALIZACION
9 (RLIN) 17477
650 #0 - PUNTO DE ACCESO ADICIONAL DE MATERIA--TÉRMINO DE MATERIA
Término de materia o nombre geográfico como elemento de entrada IDEOLOGIA POLITICA
9 (RLIN) 1711
650 #0 - PUNTO DE ACCESO ADICIONAL DE MATERIA--TÉRMINO DE MATERIA
Término de materia o nombre geográfico como elemento de entrada COOPERACION INTERNACIONAL
9 (RLIN) 367
650 #0 - PUNTO DE ACCESO ADICIONAL DE MATERIA--TÉRMINO DE MATERIA
Término de materia o nombre geográfico como elemento de entrada AYUDA AL DESARROLLO
9 (RLIN) 2160
650 #0 - PUNTO DE ACCESO ADICIONAL DE MATERIA--TÉRMINO DE MATERIA
Término de materia o nombre geográfico como elemento de entrada DESARROLLO SOSTENIBLE
9 (RLIN) 11034
650 #0 - PUNTO DE ACCESO ADICIONAL DE MATERIA--TÉRMINO DE MATERIA
Término de materia o nombre geográfico como elemento de entrada LUCHA CONTRA LA POBREZA
9 (RLIN) 6367
650 #0 - PUNTO DE ACCESO ADICIONAL DE MATERIA--TÉRMINO DE MATERIA
Término de materia o nombre geográfico como elemento de entrada IGUALDAD DE DERECHOS
9 (RLIN) 1832
650 #0 - PUNTO DE ACCESO ADICIONAL DE MATERIA--TÉRMINO DE MATERIA
Término de materia o nombre geográfico como elemento de entrada DERECHOS HUMANOS
9 (RLIN) 2569
650 #0 - PUNTO DE ACCESO ADICIONAL DE MATERIA--TÉRMINO DE MATERIA
Término de materia o nombre geográfico como elemento de entrada PAPEL DEL SINDICATO
9 (RLIN) 5120
650 #0 - PUNTO DE ACCESO ADICIONAL DE MATERIA--TÉRMINO DE MATERIA
Término de materia o nombre geográfico como elemento de entrada PLAN DE ACCION
9 (RLIN) 1075
650 #0 - PUNTO DE ACCESO ADICIONAL DE MATERIA--TÉRMINO DE MATERIA
Término de materia o nombre geográfico como elemento de entrada LEGISLACION
9 (RLIN) 111
650 #0 - PUNTO DE ACCESO ADICIONAL DE MATERIA--TÉRMINO DE MATERIA
Término de materia o nombre geográfico como elemento de entrada ESPAÑA
9 (RLIN) 9
650 #0 - PUNTO DE ACCESO ADICIONAL DE MATERIA--TÉRMINO DE MATERIA
Término de materia o nombre geográfico como elemento de entrada ACTITUD SINDICAL
9 (RLIN) 61
710 2# - ENTRADA AGREGADA--NOMBRE DE ENTIDAD CORPORATIVA
Nombre de entidad corporativa o nombre de jurisdicción como elemento de entrada CCOO
Unidad subordinada Aragón
Término indicativo de función/relación ed.
9 (RLIN) 5627
710 1# - ENTRADA AGREGADA--NOMBRE DE ENTIDAD CORPORATIVA
Nombre de entidad corporativa o nombre de jurisdicción como elemento de entrada CCOO
Unidad subordinada Confederación Sindical
-- Secretaría de Internacional, Cooperación y Migraciones
9 (RLIN) 34615
856 ## - LOCALIZACIÓN Y ACCESO ELECTRÓNICOS
Nota pública PDF
Identificador Uniforme de Recursos <a href="https://docpublicos.ccoo.es/cendoc/065983Agenda2030Cooperacion.pdf">https://docpublicos.ccoo.es/cendoc/065983Agenda2030Cooperacion.pdf</a>
907 ## - ELEMENTOS DE DATOS G LOCAL, LDG (RLIN)
a Política
942 ## - ELEMENTOS DE ENTRADA SECUNDARIOS (KOHA)
Tipo de ítem Koha Documento Electrónico
Fuente del sistema de clasificación o colocación Clasificación Decimal Dewey
Suprimir en OPAC No
Holdings
Estatus retirado Estado de pérdida Fuente del sistema de clasificación o colocación Estado de daño No para préstamo Biblioteca de origen Biblioteca actual Fecha de adquisición Enumeración/cronología de publicación seriada Total de préstamos Código de barras Visto por última vez Copia número Identificador Uniforme de Recursos Precio de reemplazo Tipo de ítem Koha
    Clasificación Decimal Dewey     CENDO CENDO 26/04/2023 Trabajo Sindical, n. 129 (abril 2023), p. 22-27   2023-0172 26/04/2023 PS131 https://docpublicos.ccoo.es/cendoc/065983Agenda2030Cooperacion.pdf 26/04/2023 Documento Electrónico